000 01023nam a2200277 a 4500
001 BRCA_3943
005 20190320204503.0
008 120110s1839----fr-a######---#000-0#fre-#
041 _afre
044 _afr
050 4 _aF1232
_b.B53 1839
100 1 _aBlanchard, P.
_910259
245 1 0 _aSan Juan de Ulúa ou relation de l´ expedition francaise au Mexique, sous les ordres de le Contre-Amiral Baudin
_cpar P. Blanchard et A. Dauzats ; suivi des notes et documents, etd´un apercu general sus létat actuel du Texas, par E. Maissin.
260 _aParís
_bGide
_c1839
300 _a591 p.
_bil.
_c29 cm.
500 _aIncluye tabla de capítulos.
500 _aC96
650 1 4 _aHistoria
_y1821-1861
_910153
651 4 _aHistoria
_y1821-1861
_910153
651 4 _aMéxico
_vTexas
_xHistoria
_yhasta 1846
_910260
651 4 _aFrancia
_vHistoria
_xLouis Phillipe,
_y1830-1848
_910261
700 1 _aDauzats, Adrien,
_f1804-1868
_ecoaut.
_910262
700 1 _aMaissin, Eugene
_eed.
_910263
902 _aGFM
942 _2lcc
_cB
999 _c3670
_d3670